[Event "New York op"]
[Site "New York"]
[Date "1998.03.17"]
[Round "3"]
[White "Miezis, Normunds"]
[Black "Graf, Alexander"]
[Result "1-0"]
[WhiteElo "2505"]
[BlackElo "2625"]
[PlyCount "57"]
[EventDate "1998.03.16"]
[Source "ChessBase"]
[SourceDate "1998.06.15"]

1. c4 e5 2. Nc3 d6 3. g3 f5 4. Bg2 Nf6 5. d3 Be7 6. e4 fxe4 7. dxe4 Be6 8. Nf3 Nc6 9. b3 O-O 10. h3 Kh8 11. Be3 a6 12. Qe2 Rb8 13. Rd1 Qc8 14. Ng5 Bd7 15. f4 exf4 16. gxf4 Qe8 17. Bf3 Bd8 18. h4 Ne7 19. Rg1 Neg8 20. Qg2 Qe7 21. Bd4 c5 22. Be3 Nh6 23. Nd5 Ba5+ 24. Ke2 Nxd5 25. Rxd5 b5 26. f5 bxc4 27. Nxh7 Rg8 28. Qg6 cxb3 29. Ng5 1-0

[Event "79th ch-GER"]
[Site "Bad Woerishofen GER"]
[Date "2008.02.21"]
[Round "7"]
[White "Kritz, L."]
[Black "Kunin, V."]
[Result "1/2-1/2"]
[WhiteElo "2592"]
[BlackElo "2538"]
[PlyCount "51"]
[EventDate "2008.02.15"]
[Source "www.chesslib.no"]
[SourceDate "2004.05.04"]

1. c4 e5 2. Nc3 d6 3. e3 Nf6 4. Nf3 g6 5. d4 Nbd7 6. b3 Bg7 7. Be2 O-O 8. Bb2 exd4 9. exd4 d5 10. O-O Re8 11. Re1 dxc4 12. bxc4 Nb6 13. h3 c6 14. Qb3 Bf5 15. a4 Qc7 16. Nh4 Be6 17. Rac1 Rad8 18. Nf3 h6 19. Rcd1 Bf5 20. Nh4 Be6 21. Ba3 Nc8 22. Nf3 Qb6 23. Qa2 Qa5 24. Qb3 Qb6 25. Qa2 Qa5 26. Qb3 1/2-1/2

[Event "Soviet Union"]
[Site "Soviet Union"]
[Date "1973.??.??"]
[Round "?"]
[White "Averbakh, Yuri L"]
[Black "Balashov, Yuri S"]
[Result "1-0"]
[WhiteElo "2550"]
[BlackElo "2580"]
[PlyCount "143"]
[EventDate "1973.??.??"]
[Source "www.chesslib.no"]
[SourceDate "2004.05.04"]

1. c4 e5 2. Nc3 d6 3. g3 Be6 4. Bg2 c6 5. d3 Nf6 6. Nf3 Be7 7. O-O O-O 8. c5 h6 9. cxd6 Bxd6 10. b3 Nbd7 11. Bb2 Qe7 12. Qc2 Bg4 13. h3 Bxf3 14. Bxf3 Ba3 15. Bxa3 Qxa3 16. Rfd1 Rad8 17. b4 Qxb4 18. Rab1 Qa5 19. Rxb7 Nc5 20. Rb2 Ne6 21. Qd2 Nd4 22. Bg2 Qa6 23. Rc1 Rfe8 24. e3 Ne6 25. Ne4 Nxe4 26. Bxe4 c5 27. Qe2 Ng5 28. Bg2 Ne6 29. Rb3 Rb8 30. Qb2 Rbd8 31. Qa3 Rd6 32. h4 Red8 33. Qxa6 Rxa6 34. Rc2 Kf8 35. Bh3 Ke7 36. Rb7+ Rd7 37. Rxd7+ Kxd7 38. Rxc5 Kd6 39. Rc2 Nc5 40. Bg2 f5 41. Bh3 f4 42. gxf4 exf4 43. Bf1 Ra3 44. h5 Na4 45. Kg2 Rc3 46. Rxc3 Nxc3 47. a3 Nd5 48. Kf3 fxe3 49. fxe3 Nf6 50. d4 Nxh5 51. e4 g5 52. Bc4 Ng7 53. e5+ Kc6 54. Kg4 Kb6 55. Bf7 Kc6 56. Bb3 Kb6 57. Ba4 Ka5 58. Bb3 Kb6 59. Bd5 Kc7 60. Be4 Kd7 61. d5 Ke7 62. Bd3 Kf7 63. Bf5 Ke7 64. d6+ Kf7 65. Bc8 Ke8 66. Bf5 Kf7 67. Bd7 a6 68. Bc8 Kg6 69. Bxa6 h5+ 70. Kf3 Kf5 71. Bc4 g4+ 72. Ke2 1-0

[Event "Linares N.L."]
[Site "?"]
[Date "1994.??.??"]
[Round "?"]
[White "Nogueiras, J."]
[Black "Miles, A."]
[Result "1-0"]
[WhiteElo "2530"]
[BlackElo "2600"]
[PlyCount "63"]
[EventDate "1994.??.??"]
[Source "ChessBase"]
[SourceDate "1994.10.01"]

1. Nf3 d6 2. c4 e5 3. Nc3 f5 4. g3 c6 5. Bg2 g5 6. d4 g4 7. Nh4 Qf6 8. d5 c5 9. f3 gxf3 10. Bxf3 Be7 11. e4 f4 12. Bg4 Nd7 13. Be6 Nh6 14. Bd2 Kd8 15. Qe2 Nf8 16. Bxc8 Rxc8 17. O-O-O Kc7 18. Nf3 Ng6 19. h4 Nf7 20. h5 Nf8 21. gxf4 exf4 22. Rh4 Nd7 23. Rxf4 Qg7 24. Rg1 Qf8 25. e5 dxe5 26. d6+ Kxd6 27. Nb5+ Kc6 28. Ba5 Nf6 29. Nxa7+ Kd7 30. Rd1+ Ke8 31. Nxc8 exf4 32. Qe6 1-0

[Event "Debrecen"]
[Site "?"]
[Date "1992.??.??"]
[Round "?"]
[White "Sokolov, I."]
[Black "Marin, Mihail"]
[Result "1/2-1/2"]
[WhiteElo "2625"]
[BlackElo "2505"]
[PlyCount "64"]
[EventDate "1992.??.??"]
[Source "ChessBase"]
[SourceDate "1992.10.01"]

1. c4 e5 2. Nc3 d6 3. d4 exd4 4. Qxd4 Nf6 5. e4 Nc6 6. Qd1 Be6 7. Nf3 g6 8. h3 Bg7 9. Be3 O-O 10. Be2 Nd7 11. O-O Nb6 12. Nd5 Bxb2 13. Bg5 f6 14. Bh6 Bxa1 15. Bxf8 Kxf8 16. Qxa1 Kf7 17. Nd2 Nd7 18. f4 Ne7 19. Nf3 Bxd5 20. cxd5 c6 21. dxc6 bxc6 22. Bc4+ d5 23. Bb3 Nc5 24. e5 f5 25. Ng5+ Kg8 26. e6 Qb6 27. Kh2 Rf8 28. Nf7 Rxf7 29. exf7+ Kxf7 30. Qe5 Ne4 31. Bc2 Nd2 32. Re1 Nf3+ 1/2-1/2

[Event "AVRO"]
[Site "Hilversum"]
[Date "1973.??.??"]
[Round "5"]
[White "Andersson, Ulf"]
[Black "Geller, Efim P"]
[Result "1/2-1/2"]
[WhiteElo "2535"]
[BlackElo "2590"]
[PlyCount "40"]
[EventDate "1973.??.??"]
[Source "ChessBase"]

1. c4 g6 2. g3 Bg7 3. Bg2 e5 4. Nc3 d6 5. d3 Nd7 6. e4 Ne7 7. Nge2 O-O 8. O-O Nc5 9. Be3 Nc6 10. Qd2 Nd4 11. f4 a5 12. Bf2 Nce6 13. Rae1 c6 14. Kh1 a4 15. Nxd4 exd4 16. Ne2 Qa5 17. Qc2 f5 18. exf5 gxf5 19. Rb1 Bd7 20. Ng1 Rae8 1/2-1/2

[Event "Yerevan (ol)"]
[Site "?"]
[Date "1996.??.??"]
[Round "?"]
[White "Alterman, B."]
[Black "Van der Wiel, J."]
[Result "1-0"]
[WhiteElo "2590"]
[BlackElo "2535"]
[PlyCount "85"]
[EventDate "1996.??.??"]
[Source "ChessBase"]
[SourceDate "1996.06.01"]

1. c4 e5 2. Nc3 d6 3. g3 f5 4. Bg2 Nf6 5. d3 c6 6. Nf3 Na6 7. O-O Be7 8. Rb1 O-O 9. b4 Nc7 10. b5 c5 11. Bg5 Ng4 12. Bxe7 Qxe7 13. b6 axb6 14. Rxb6 Ra6 15. Qb1 Qd8 16. Rxa6 Nxa6 17. Nd5 Nf6 18. Nd2 Nd7 19. Qb5 Nab8 20. Rb1 Nc6 21. e3 Kh8 22. a3 Qg5 23. Nb6 Nxb6 24. Qxb6 f4 25. Re1 Qh6 26. Qc7 Bf5 27. Qxb7 fxe3 28. fxe3 Nd4 29. Qb2 Ne6 30. Ne4 Bxe4 31. Bxe4 Ng5 32. Rf1 g6 33. Rxf8+ Qxf8 34. Qg2 Qb8 35. Bb7 Qa7 36. h4 Nf7 37. Bd5 Nh6 38. Qb2 Nf5 39. Kf2 Qa4 40. Qb8+ Kg7 41. Qg8+ Kh6 42. Qf8+ Ng7 43. g4 1-0

[Event "Bundesliga 9697"]
[Site "Germany"]
[Date "1996.??.??"]
[Round "?.3"]
[White "Rogozenko, Dorian"]
[Black "Hickl, Joerg"]
[Result "0-1"]
[WhiteElo "2525"]
[BlackElo "2600"]
[PlyCount "110"]
[EventDate "1996.10.??"]
[Source "ChessBase"]
[SourceDate "1999.07.01"]

1. d4 d6 2. c4 e5 3. Nf3 e4 4. Ng5 f5 5. Nc3 c6 6. g3 Be7 7. Nh3 Na6 8. Bg2 Nf6 9. O-O O-O 10. d5 Nc7 11. f3 cxd5 12. cxd5 b5 13. b4 exf3 14. exf3 Nd7 15. Be3 Bf6 16. Bd4 Re8 17. f4 a5 18. Rb1 axb4 19. Rxb4 Ra3 20. Qd2 Nb6 21. Nb1 Ra6 22. Bxf6 Qxf6 23. Rc1 Nc4 24. Qc3 Rxa2 25. Qxf6 gxf6 26. Nc3 Rb2 27. Rxb2 Nxb2 28. Rb1 Nd3 29. Bf1 b4 30. Nb5 Nxb5 31. Bxd3 Nd4 32. Rxb4 Nf3+ 33. Kh1 Kf7 34. Nf2 Re7 35. Rb6 Ra7 36. Rxd6 Ra2 37. Kg2 Ne1+ 38. Kf1 Nxd3 39. Nxd3 Ba6 40. Rd7+ Kg6 41. Ke1 Bxd3 42. d6 Re2+ 43. Kd1 Re6 44. Kc1 Be4 45. Rd8 Kf7 46. d7 Ke7 47. Rh8 Rc6+ 48. Kd2 Kxd7 49. Rxh7+ Ke6 50. Ke3 Rc2 51. Kd4 Re2 52. Rh8 Kf7 53. Rh4 Kg7 54. h3 Rd2+ 55. Kc4 Rf2 0-1

[Event "New York Open"]
[Site "New York, NY USA"]
[Date "1989.??.??"]
[Round "9"]
[White "Ivanov, Igor V"]
[Black "Gulko, Boris F"]
[Result "0-1"]
[WhiteElo "2515"]
[BlackElo "2610"]
[PlyCount "84"]
[EventDate "1989.03.??"]
[Source "www.chesslib.no"]
[SourceDate "2004.05.04"]

1. Nf3 d6 2. d4 Bg4 3. c4 Nd7 4. Nc3 e5 5. d5 Be7 6. g3 a5 7. Bg2 Nc5 8. O-O Nf6 9. h3 Bd7 10. Be3 b6 11. Bxc5 bxc5 12. a4 O-O 13. Nd2 g6 14. Nb5 Nh5 15. e4 Ng7 16. Nb3 c6 17. dxc6 Bxc6 18. f4 Nh5 19. Qd3 exf4 20. gxf4 Qb6 21. Rae1 Rfd8 22. Re3 Bf6 23. Re2 Rd7 24. Qf3 Re8 25. Rd1 Bxb5 26. axb5 a4 27. e5 Bg7 28. exd6 Rxe2 29. Qxe2 Rxd6 30. Qe8+ Bf8 31. Bd5 Qc7 32. Nd2 Nf6 33. Qe5 Qd7 34. f5 Bg7 35. Ne4 Nxe4 36. Qxe4 Bxb2 37. Rf1 Rf6 38. b6 gxf5 39. Qc2 Rxb6 40. Rxf5 Bd4+ 41. Kf1 Qxf5+ 42. Qxf5 Rf6 0-1

[Event "Bobby Fischer Memorial"]
[Site "Villa Martelli ARG"]
[Date "2008.03.13"]
[Round "3.5"]
[White "Flores, Diego"]
[Black "Rodriguez Vila, Andres"]
[Result "1-0"]
[WhiteElo "2558"]
[BlackElo "2566"]
[PlyCount "57"]
[EventDate "2008.03.11"]
[Source "www.chesslib.no"]
[SourceDate "2004.05.04"]

1. Nf3 d6 2. c4 e5 3. Nc3 f5 4. g3 g6 5. Bg2 Bg7 6. O-O c6 7. d3 Ne7 8. Bd2 O-O 9. b4 h6 10. b5 d5 11. bxc6 bxc6 12. cxd5 cxd5 13. Qb3 Nbc6 14. Nxd5 Qxd5 15. Qxd5+ Nxd5 16. Nxe5 Be6 17. Nxc6 Bxa1 18. Rxa1 Kh7 19. Rb1 Rac8 20. Nd4 Rb8 21. Rxb8 Rxb8 22. Nxe6 Rb1+ 23. Bf1 Ra1 24. e4 fxe4 25. dxe4 Rxa2 26. exd5 Rxd2 27. Bc4 a5 28. Kf1 Rc2 29. d6 1-0

[Event "Dos Hermanas"]
[Site "?"]
[Date "1994.??.??"]
[Round "?"]
[White "Gulko, B."]
[Black "Rivas Pastor, M."]
[Result "1-0"]
[WhiteElo "2615"]
[BlackElo "2505"]
[PlyCount "59"]
[EventDate "1994.??.??"]
[Source "ChessBase"]
[SourceDate "1994.02.01"]

1. d4 d6 2. c4 e5 3. Nf3 e4 4. Ng5 f5 5. Nc3 c6 6. Nh3 Be7 7. Bf4 g5 8. Bd2 h6 9. e3 Nf6 10. f3 a6 11. fxe4 fxe4 12. Nf2 d5 13. Qb3 b5 14. cxd5 cxd5 15. Rc1 Bb7 16. Be2 Nc6 17. Ncxe4 dxe4 18. Nxe4 Kf8 19. Nxf6 Bxf6 20. Bh5 Rh7 21. O-O Qd6 22. Rxf6+ Qxf6 23. Rf1 Qxf1+ 24. Kxf1 Re7 25. d5 Ne5 26. Bb4 Rd8 27. e4 Rdd7 28. Qc3 Kg7 29. Bxe7 Rxe7 30. d6 1-0

[Event "RUS Army Ch"]
[Site "Russia"]
[Date "1995.??.??"]
[Round "?"]
[White "Savchenko, Stanislav"]
[Black "Komliakov, Viktor"]
[Result "1/2-1/2"]
[WhiteElo "2585"]
[BlackElo "2535"]
[PlyCount "103"]
[EventDate "1995.??.??"]
[Source "www.chesslib.no"]
[SourceDate "2004.05.04"]

1. d4 d6 2. c4 e5 3. Nf3 e4 4. Ng5 f5 5. Nc3 c6 6. g3 Be7 7. Nh3 Nf6 8. Bg2 Nbd7 9. O-O Nb6 10. b3 d5 11. c5 Nbd7 12. b4 Nf8 13. b5 h6 14. bxc6 bxc6 15. Qa4 Qd7 16. Rb1 g5 17. f3 Ng6 18. fxe4 fxe4 19. Nd1 O-O 20. Ne3 Ne8 21. Nf2 Qc7 22. Bd2 Bd7 23. Qb3 Nf6 24. Nxe4 Rab8 25. Nxf6+ Bxf6 26. Qd3 Ne7 27. Rb3 Rxb3 28. axb3 Bg7 29. Rxf8+ Kxf8 30. b4 Be6 31. Bf3 Qd7 32. Bc3 g4 33. Bg2 Bf7 34. Nd1 Bg6 35. Qd2 h5 36. Qf4+ Kg8 37. Nf2 Kh7 38. Qd6 Qe8 39. Qc7 a6 40. e3 Kh8 41. h3 gxh3 42. Bxh3 Nf5 43. Bd2 Kh7 44. Qf4 Bh6 45. Qc7+ Bg7 46. Qf4 Bh6 47. Qe5 Qxe5 48. dxe5 Nxg3 49. Bd7 d4 50. Nd1 Bc2 51. e6 Nf5 52. Bxc6 1/2-1/2